| 000 | 01076cam a2200337 i 4500 | ||
|---|---|---|---|
| 001 | 4424287 | ||
| 003 | ARRUPE | ||
| 005 | 20140924165324.0 | ||
| 008 | 750607s1975 enkb b 001 0 eng | ||
| 010 | _a74031797 | ||
| 020 | _a0521086396 : | ||
| 020 | _a0521097681 (pbk). | ||
| 035 | _a(OCoLC)1812914 | ||
| 035 | _a(OCoLC)ocm01812914 | ||
| 035 | _a(NNC)4424287 | ||
| 040 |
_aDLC _cDLC _dNNUT _dCStRLIN |
||
| 050 | 0 |
_aBS1305.3 _b.M37 1975 |
|
| 090 |
_aBS1305.3 _b.M37 1975 |
||
| 130 | 0 |
_aBible. _pJudges. _lEnglish. _sNew English. _f1975. _911604 |
|
| 245 | 1 | 4 |
_aThe book of Judges : _bcommentary / _cby James D. Martin. |
| 260 |
_aCambridge, Eng. ; _aNew York : _bCambridge University Press, _c1975. |
||
| 300 |
_ax, 234 p. : _bmap ; _c20 cm. |
||
| 490 | 1 | _aCambridge Bible commentary, New English Bible | |
| 500 | _aIncludes index. | ||
| 504 | _aBibliography: p. 227. | ||
| 630 | 0 | 0 |
_aBible. _pJudges _vCommentaries. _911605 |
| 700 | 1 |
_aMartin, James D., _d1935- _911606 |
|
| 830 | 0 |
_aCambridge Bible commentary. _911607 |
|
| 942 |
_2lcc _cMONOGRAPH |
||
| 999 |
_c120944 _d120944 |
||